| 000 | 00682 a2200169 4500 | ||
|---|---|---|---|
| 003 | NUST | ||
| 005 | 20221227132620.0 | ||
| 040 | _cNust | ||
| 082 | _a355.02,URB | ||
| 100 |
_aUrban, Mark _949075 |
||
| 245 |
_aWar in Afghanistan / _cMark Urban |
||
| 250 | _a2nd ed. | ||
| 260 |
_alondon _bmark L. Urban _c1990 |
||
| 300 | _a336 p.; | ||
| 505 | _aPrologue: Before 1978(Page-1), One : 1978 (Page-7), Two: 1979 (Page-27), Three: 1980 (Page-51), Four:1981(Page-75), Five : 1982 (Page-95), Six : 1983 (Page-116), Seven: 1984 (Page-137), Eight: 985 (Page-162), Nine: 1987(Page-186), Ten:1987 (Page-212), Eleven:1988 (Page-237), Twelve;1989 (Page-267) . | ||
| 942 |
_2ddc _cBK _k355.02,URB |
||
| 999 |
_c193951 _d193951 |
||